Tornado Warnings - Sabrina Carpenter - Statistics

General Stats
  • This quiz has been taken 97 times
  • The average score is 291 of 371
Answer Stats
Hint Answer % Correct
a
100%
I
98%
"I
98%
to
95%
never
93%
the
93%
Verse 1 We
93%
we
93%
in
90%
so
90%
were
90%
bitch
88%
I'm
88%
lying
88%
me
88%
my
88%
that
88%
that's
88%
then
88%
tornado
88%
you
88%
an
85%
And
85%
and
85%
of
85%
on
85%
saw
85%
say
85%
saying
85%
therapist
85%
warnings
85%
why
85%
exist
83%
him
83%
him,
83%
Ignoring
83%
it,
83%
it
83%
keep
83%
kissed"
83%
like,
83%
mind
83%
over
83%
son
83%
thing
83%
things
83%
doesn't
80%
He
80%
he
80%
how
80%
park
80%
Some
80%
some
80%
guess
78%
have
78%
If
78%
if
78%
maybe
78%
see
78%
But
75%
but
75%
could
75%
with
75%
Pre-Chorus Don't
73%
get
73%
our
73%
quickly
73%
feelings
70%
last
70%
sometimes
70%
sometimes,
70%
there
70%
think
70%
want
70%
back
68%
convince
68%
missing
68%
Right
68%
step
68%
time
68%
understand
68%
dark
65%
every
65%
he's
65%
out,
65%
didn't
63%
logically
63%
Not
63%
not
63%
relationship
63%
rhythm
63%
seesaw
63%
somehow
63%
without
63%
arms
60%
call
60%
his
60%
hold
60%
onto
60%
should
60%
Talkin'
60%
can't
58%
Bridge I'll
58%
stop
58%
arc
55%
"baby"
55%
crazy
55%
Chorus From
55%
gonna
55%
stumble
55%
wish
55%
hear
53%
I'd
53%
pages
53%
basement
50%
drive
50%
home,
50%
teetering
50%
deserve
48%
hour
48%
left
48%
Now
48%
consideration,
45%
focus
45%
kept
45%
still
45%
thoughts
45%
week
45%
yours,
45%
myself
43%
obsessed
43%
own
43%
speak
43%
od
10%
No matching quizzes found
Score Distribution
Percent of People with Each Score
Percentile by Number Answered
Your Score History
You have not taken this quiz